| 000 | 01921nac a2200301 a 4500 | ||
|---|---|---|---|
| 003 | CO-PeBPM | ||
| 005 | 20251108114146.0 | ||
| 008 | 251108s2025 ck a|||| |||| 00| 0 spa d | ||
| 020 | _a9786289626827 | ||
| 040 |
_aCO-PeBPM _bspa _cCO-PeBPM _erda |
||
| 041 | _aspa | ||
| 082 | 0 | 4 |
_a306.1 S799s _222 |
| 100 | 1 |
_aSteaua, Ross _eautor |
|
| 245 | 1 | 0 |
_a Si el punk ha muerto, nosotros somos la venganza _b: Compilación de historias prohibidas _c / Ross Steaua ; ilustraciones de Max Vadalá |
| 250 | _aedición especial | ||
| 260 |
_aBogotá, Colombia _b: Prosa del Mundo _c, 2025 |
||
| 300 |
_a 94 páginas _bilustraciones en blanco y negro _c; 22 centimetros |
||
| 490 | _aPlan Nacional de Lectura, Escritura y Oralidad / Ministerio de las Culturas, las Artes y los Saberes | ||
| 500 | _aIncluye índice | ||
| 520 | _a"Porque eso es lo que queda, el círculo que siempre late en el fondo: por más que uno se esfuerce, que se retuerza, por más que uno cambie, siempre vuelve a la misma parte, ternorna al mismo, estado, porque solo se patina, no se avanza. Porque siempre está haí es la tentación de la renuncia, la llamada del fracaso. El deseo de pararse en cualquier esquina con un parlante y una botella de alcohol barato. Como el hipnotismo que siente el ojo ante la fogata encendida. Eso es el punk. La puta fuerza que después de comer mierda nos permite sonreír como si fuera caviar. La semilla que estalla y brilla en el fondo de la hoguera. La raíz de la que se cuelga un río. El punk es la flor ascendente entre tanta porquería". | ||
| 521 | _aRecomendado para jóvenes y adultos | ||
| 650 | 1 | 4 |
_aCultura Punk - Relatos personales _2LEMB |
| 650 | 1 | 4 |
_aCultura Urbana - Relatos personales _2LEMB |
| 650 | 1 | 4 |
_aPunk Rock - Relatos personales _2LEMB |
| 700 | 1 |
_aVadalá, Max _eilustrador |
|
| 942 |
_2ddc _cBK _n0 |
||
| 999 |
_c61435 _d61435 |
||